LEADER 00880nas a2200217 i 4500 001 000000215001 003 CaOOAMICUS 005 20121003000000.0 008 120801b2012 it uu u0 0ita r 013 $a193873 040 $aSeMil$bita 245 10$aAntonio Tabucchi, la scrittura e l'impegno. 260 $aRoma :$bGruppo Editoriale L'Espresso,$ccopyr. 2012. 300 $a176 p. :$bill. ;$c24 cm. 700 1 $aTabucchi, Antonio,$d<1943-2012>.$0(OLS)http://semarc/name/33484 774 0 $t[vedi periodico].$w()277655 850 $aSeMil 852 $aSeMil$W1$xVenegono$y1$m148 6 121/S$j165422$B165422$CSeMilBibl$Z2$F177414 $85 961 $aAbbonamento: Somedia - Gruppo Editoriale l'Espresso 996 $6245$aAntonio Tabucchi, la scrittura e l'impegno$9(OLS)http://semarc/title/309705 996 $6260$aRoma :$bGruppo Editoriale L'Espresso$9(OLS)http://semarc/publisher/34574 LEADER 00839nam a2200181 i 4500 001 000000155150 003 CaOOAMICUS 005 20180509000000.0 008 180509s1807 it u000 u ita u 013 $a132499 026 $ao,i- iado 1.re anaf (3) 1807 (A) 040 $aSeMil$bita 245 10$aTomo 1. 300 $aXXXII, 368 p., [2] carte di tav. ripieg. :$bc. geogr., c. geneal. 773 0 $aVolta, Leopoldo Camillo <1751-1823>$tCompendio cronologico-critico della storia di Mantova dalla sua fondazione sino ai nostri tempi di Leopoldo Cammillo Volta ... Tomo 1, [-5.].$dMantova : Dalla Tipografia di Francesco Agazzi nel palazzo dell'Accademia, 1807-1838.$g1$w()21300 850 $aSeMil 852 $aSeMil$W1$xVenegono$y1$m3V VII 239 FA$j106998$B106998$CSeMilBibl$Z2$F116353 $8I 996 $6245$aTomo 1$9(OLS)http://semarc/title/46685